[Event " "]
[Site "Reims"]
[Date "17.??.??"]
[Round "8.4"]
[White "Crut, Aurelien"]
[Black "Desanlis, Anne-Sophie"]
[Result "1-0"]
[WhiteElo "2369"]
[BlackElo "1920"]
[PlyCount "111"]
[EventDate "17.??.??"]
[WhiteTeam "Besançon T.P.G."]

1. e4 c5 2. Nf3 e6 3. c3 Nf6 4. e5 Nd5 5. d4 cxd4 6. cxd4 b6 7. Nc3 Nxc3 8.
bxc3 Be7 9. Bd3 Ba6 10. O-O Bxd3 11. Qxd3 O-O 12. d5 exd5 13. Qxd5 Qc7 14. Qxa8
Nc6 15. Qxf8+ Bxf8 16. Bf4 Qc8 17. Rad1 Nd8 18. Be3 Ne6 19. Rd2 Bc5 20. Nd4 Nf8
21. Rfd1 Qb8 22. f4 Qb7 23. Nf5 Qc8 24. Rd3 Bxe3+ 25. Nxe3 Qc5 26. Kf2 h6 27.
c4 Qe7 28. g3 Qb4 29. h4 Qc5 30. h5 Qb4 31. R1d2 Qb1 32. Nd1 Qb4 33. Ne3 Qb1
34. Kg2 Qe1 35. Kh2 Qa1 36. Rd4 Qc3 37. R4d3 Qa1 38. Nd5 Qc1 39. Rd4 Qa3 40.
R4d3 Qc1 41. Ne7+ Kh7 42. Rd4 Qa3 43. Nc8 Qf3 44. Nxa7 Qxh5+ 45. Kg2 Qf5 46.
Nc8 Ne6 47. Nd6 Qg4 48. Re4 Nc5 49. Re3 Ne6 50. Rf2 h5 51. Nxf7 h4 52. Ng5+
Nxg5 53. fxg5 hxg3 54. Rxg3 Qe4+ 55. Kh2 Qh4+ 56. Rh3 1-0

[Event " "]
[Site "Reims"]
[Date "17.??.??"]
[Round "8.5"]
[White "Barat, Jacques"]
[Black "Sermier, Guillaume"]
[Result "0-1"]
[WhiteElo "1740"]
[BlackElo "2366"]
[PlyCount "36"]
[EventDate "17.??.??"]
[WhiteTeam "Reims Echecs Mat"]
[BlackTeam "Besançon T.P.G."]

1. d4 Nf6 2. c4 e6 3. Nf3 b6 4. g3 Ba6 5. b3 Bb4+ 6. Bd2 Be7 7. Bg2 c6 8. O-O
O-O 9. Nc3 d5 10. cxd5 cxd5 11. Ne5 Nfd7 12. Nxd5 exd5 13. Bxd5 Nxe5 14. Bxa8
Nbc6 15. Bxc6 Nxc6 16. Bc3 Bf6 17. Qc2 Bxd4 18. Rfd1 Qf6 0-1

[Event " "]
[Site "Reims"]
[Date "17.??.??"]
[Round "8.6"]
[White "Frederic, Clement"]
[Black "Holgado, Sebastien"]
[Result "1-0"]
[WhiteElo "2242"]
[BlackElo "1510"]
[PlyCount "47"]
[EventDate "17.??.??"]
[WhiteTeam "Besançon T.P.G."]

1. e4 e5 2. d4 exd4 3. Qxd4 Nc6 4. Qe3 b6 5. Nc3 Bb7 6. Bd2 Bc5 7. Qg3 Bd4 8.
Nf3 Bf6 9. e5 Qe7 10. Nd5 Bxe5 11. Nxe7 Bxg3 12. Nxc6 Bxc6 13. hxg3 O-O-O 14.
O-O-O Nf6 15. Ne5 Bd5 16. Bg5 Be6 17. Ba6+ Kb8 18. Bc4 Bxc4 19. Nxc4 d6 20. Ne3
Rde8 21. Bxf6 gxf6 22. Rde1 c6 23. Nf5 Re6 24. Nd4 1-0

[Event " "]
[Site "Reims"]
[Date "17.??.??"]
[Round "8.7"]
[White "Lampson, Franck"]
[Black "Sermier, Alain"]
[Result "0-1"]
[WhiteElo "1480"]
[BlackElo "2121"]
[PlyCount "50"]
[EventDate "17.??.??"]
[WhiteTeam "Reims Echecs Mat"]
[BlackTeam "Besançon T.P.G."]

1. d4 d5 2. c4 e6 3. Nc3 c6 4. Nf3 dxc4 5. e3 b5 6. a3 Nf6 7. e4 Be7 8. Be2 Bb7
9. e5 Nd5 10. Ne4 h6 11. O-O Nd7 12. Ne1 Qc7 13. f4 c5 14. Nc2 a6 15. Bf3 cxd4
16. Nxd4 Nc5 17. Nxc5 Bxc5 18. Kh1 Rd8 19. Re1 Qb6 20. Ne2 Nxf4 21. Qc2 Nd3 22.
Rf1 Bxf3 23. Rxf3 Ne1 24. Qe4 Nxf3 25. Qxf3 Rd1+ 0-1

[Event " "]
[Site "Reims"]
[Date "17.??.??"]
[Round "8.8"]
[White "Hisleur, Gaelle"]
[Black "Lesueur, Christophe"]
[Result "1-0"]
[WhiteElo "1939"]
[BlackElo "1410"]
[PlyCount "55"]
[EventDate "17.??.??"]
[WhiteTeam "Besançon T.P.G."]

1. e4 e6 2. d4 d5 3. Nc3 c5 4. dxc5 d4 5. Nce2 Bxc5 6. Nf3 Nc6 7. a3 a5 8. Ng3
e5 9. Bb5 Nge7 10. Nxe5 Qb6 11. Nxc6 Nxc6 12. Qe2 O-O 13. O-O Ne5 14. Bd3 Bg4
15. f3 Be6 16. Bd2 Rac8 17. b4 axb4 18. axb4 Nxd3 19. cxd3 Be7 20. f4 Bd7 21.
f5 Rc2 22. Qd1 Rfc8 23. Nh5 g6 24. Nf4 Qc6 25. Nd5 Bd6 26. fxg6 fxg6 27. Rf6
Qc7 28. Nxc7 1-0

[Event " "]
[Site "Lyon Olympique Echecs"]
[Date "18.??.??"]
[Round "9.1"]
[White "Karim, Ismael"]
[Black "Savchenko, Stanislav"]
[Result "1/2-1/2"]
[WhiteElo "2324"]
[BlackElo "2525"]
[PlyCount "52"]
[EventDate "18.??.??"]
[WhiteTeam "Paris Chess Club II"]
[BlackTeam "Marseille Duchamps"]

1. e4 c5 2. Nf3 d6 3. d4 Nf6 4. Nc3 cxd4 5. Nxd4 a6 6. Be3 e5 7. Nf3 Be7 8. Bc4
O-O 9. O-O Nc6 10. Qe2 Na5 11. Bb3 Nxb3 12. cxb3 h6 13. Rfd1 Qe8 14. Ne1 Be6
15. Nc2 Rc8 16. Rac1 $11 Nd7 17. Nb4 f5 18. Ncd5 Rxc1 19. Bxc1 Nf6 20. exf5
Nxd5 21. Nxd5 Bxf5 22. Be3 Qf7 23. Qd2 Bd8 24. Nc3 Be7 25. Nd5 Bd8 26. Nc3 Be7
1/2-1/2

[Event " "]
[Site "Lyon Olympique Echecs"]
[Date "18.??.??"]
[Round "9.2"]
[White "Renet, Olivier"]
[Black "Glicenstein, Asher"]
[Result "1-0"]
[WhiteElo "2517"]
[BlackElo "2271"]
[PlyCount "50"]
[EventDate "18.??.??"]
[WhiteTeam "Marseille Duchamps"]

1. d4 Nf6 2. c4 c5 3. d5 e6 4. Nc3 exd5 5. cxd5 d6 6. Nf3 g6 7. e4 a6 8. h3 b5
9. a3 Bg7 10. Bd3 O-O 11. O-O Nbd7 12. Re1 Nh5 13. Bg5 Bf6 14. Be3 Ne5 15. Be2
Nxf3+ 16. Bxf3 Ng7 17. Bh6 Ra7 18. Qd2 Re8 19. a4 b4 20. Nd1 a5 21. Ne3 Ba6 22.
Ng4 c4 23. Nxf6+ Qxf6 24. Rac1 Qd8 25. b3 f6 {suite illisible} 1-0

[Event " "]
[Site "Lyon Olympique Echecs"]
[Date "18.??.??"]
[Round "9.3"]
[White "Lopez, Jorge"]
[Black "Howell, David Wl"]
[Result "0-1"]
[WhiteElo "2271"]
[BlackElo "2501"]
[PlyCount "86"]
[EventDate "18.??.??"]
[WhiteTeam "Paris Chess Club II"]
[BlackTeam "Marseille Duchamps"]

1. d4 Nf6 2. Nf3 g6 3. Bf4 Bg7 4. e3 d6 5. h3 Nbd7 6. Bc4 O-O 7. O-O b6 8. Nbd2
Bb7 9. c3 Qe8 10. Qc2 e5 11. dxe5 dxe5 12. Bh2 Qe7 13. Rfd1 Rad8 14. Be2 Nd5
15. Nf1 f5 16. Bc4 Nc5 17. b4 Ne4 18. N1d2 Nd6 19. Bb3 Kh8 20. Bxd5 Bxd5 21. c4
Ba8 22. c5 Ne4 23. Nb3 Bd5 24. Nfd2 Ng5 25. Nf1 f4 26. h4 Ne6 27. e4 Bxb3 28.
axb3 Nd4 29. Qb2 Qxh4 30. f3 g5 31. Qf2 Qh5 32. Rdb1 g4 33. fxg4 Qxg4 34. Rxa7
Bf6 35. cxb6 Bh4 36. Qb2 Rg8 37. Ne3 Qh5 38. bxc7 Nf3+ 39. Kh1 Nxh2 40. cxd8=Q
Bxd8 41. g3 Nf3+ 42. Kg2 Qh2+ 43. Kf1 Qg1+ 0-1

[Event " "]
[Site "Lyon Olympique Echecs"]
[Date "18.??.??"]
[Round "9.4"]
[White "Kosten, Anthony C"]
[Black "Eustache, Boris"]
[Result "1-0"]
[WhiteElo "2534"]
[BlackElo "2147"]
[PlyCount "43"]
[EventDate "18.??.??"]
[WhiteTeam "Marseille Duchamps"]

1. c4 e6 2. Nf3 d5 3. g3 Nf6 4. Bg2 Be7 5. d4 O-O 6. O-O dxc4 7. Qc2 a6 8. Qxc4
b5 9. Qc2 Bb7 10. Bf4 Nc6 11. Nc3 Nxd4 12. Nxd4 Bxg2 13. Rfd1 Bd5 14. e4 b4 15.
Nxd5 exd5 16. Nc6 Qd7 17. e5 Nh5 18. Rxd5 Qe6 19. Be3 Rfe8 20. Rad1 Bf8 21. Nd8
Qc8 22. Qc6 1-0

[Event " "]
[Site "Lyon Olympique Echecs"]
[Date "18.??.??"]
[Round "9.5"]
[White "Cohen, Aurelien"]
[Black "Boudre, Jean-Pierre"]
[Result "1/2-1/2"]
[WhiteElo "2217"]
[BlackElo "2324"]
[PlyCount "98"]
[EventDate "18.??.??"]
[WhiteTeam "Paris Chess Club II"]
[BlackTeam "Marseille Duchamps"]

1. e4 e5 2. Nf3 d6 3. d4 exd4 4. Nxd4 Nf6 5. Nc3 Be7 6. Bf4 O-O 7. Qd2 c6 8.
O-O-O b5 9. f3 b4 10. Nce2 c5 11. Nf5 Bxf5 12. exf5 d5 13. g4 d4 14. Ng3 Nc6
15. g5 Nd5 16. f6 Bd6 17. Bxd6 Qxd6 18. Ne4 Qe5 19. fxg7 Rfd8 20. Nf6+ Nxf6 21.
gxf6 Qxf6 22. f4 d3 23. Bg2 dxc2 24. Qxc2 Nd4 25. Rxd4 cxd4 26. Bxa8 Rxa8 27.
Qe4 Rd8 28. Rd1 Kxg7 29. Rd3 h6 30. Rg3+ Kf8 31. f5 a5 32. a3 bxa3 33. Rxa3 Qd6
34. Rd3 Qxh2 35. Kb1 f6 36. Qg4 Qe5 37. Qg6 Rd7 38. Rb3 $11 Rg7 39. Qxh6 Qxf5+
40. Ka2 Qe6 41. Ka3 Qd6+ 42. Ka2 Kg8 43. Qh5 Qe5 44. Qh1 Rd7 45. Qa8+ Kf7 46.
Qh8 d3 47. Ka3 Qc5+ 48. Ka2 Qd5 49. Ka3 Qc5+ 1/2-1/2

[Event " "]
[Site "Lyon Olympique Echecs"]
[Date "18.??.??"]
[Round "9.6"]
[White "Poisson, Olivier"]
[Black "Lecuyer, Christian"]
[Result "0-1"]
[WhiteElo "2161"]
[BlackElo "2228"]
[PlyCount "112"]
[EventDate "18.??.??"]
[WhiteTeam "Marseille Duchamps"]

1. d4 Nf6 2. c4 e6 3. Nf3 Bb4+ 4. Bd2 Qe7 5. Nc3 b6 6. g3 Bb7 7. Bg2 Bxc3 8.
Bxc3 Ne4 9. Qc2 Nxc3 10. Qxc3 O-O 11. O-O d6 12. Rfd1 Nd7 13. Rac1 a5 14. Ne5
dxe5 15. Bxb7 exd4 16. Rxd4 Rad8 17. Rcd1 Nc5 18. Bc6 f5 19. Qd2 Rxd4 20. Qxd4
e5 21. Qc3 f4 22. Bg2 Qf6 23. Rd5 fxg3 24. Qxg3 e4 25. Re5 h6 26. b3 Rd8 27.
Bxe4 Nxe4 28. Rxe4 Rd2 29. a3 Qb2 30. Qg6 Rd8 31. Qe6+ Kh7 32. Qe7 Rd1+ 33. Kg2
Qb1 34. Qe6 Rg1+ 35. Kf3 Qxb3+ 36. Re3 Qb1 37. Rd3 Rg6 38. Qf5 Qh1+ 39. Ke3
Qxh2 40. Kd2 Qh4 41. Rg3 Qd4+ 42. Ke1 Qa1+ 43. Kd2 Qb2+ 44. Kd1 Qf6 45. Qe4 Qe6
46. Qc2 h5 47. Ke1 h4 48. Re3 Qg4 49. Qd3 Kh6 50. Re4 Qg1+ 51. Kd2 Qxf2 52. Kc2
Rd6 53. Qh3 Rd4 54. Re6+ Kh7 55. Kb2 Qf4 56. e3 Qg4 0-1

[Event " "]
[Site "Lyon Olympique Echecs"]
[Date "18.??.??"]
[Round "9.7"]
[White "Moussard, Jules"]
[Black "Fernandez, Laura"]
[Result "1-0"]
[WhiteElo "2190"]
[BlackElo "2044"]
[PlyCount "57"]
[EventDate "18.??.??"]
[WhiteTeam "Paris Chess Club II"]
[BlackTeam "Marseille Duchamps"]

1. e4 d5 2. exd5 Qxd5 3. Nc3 Qd6 4. d4 Nf6 5. Bc4 a6 6. Nf3 b5 7. Bb3 Bb7 8.
Ne5 e6 9. Bf4 c5 10. dxc5 Qxc5 11. Qe2 Nc6 12. Nxc6 Qxc6 13. O-O-O Be7 14. Rhe1
O-O 15. Nd5 Nxd5 16. Bxd5 exd5 17. Qxe7 Qc4 18. Be5 Rac8 19. c3 Qc6 20. Kb1
Rfe8 21. Qh4 Qg6+ 22. Ka1 f6 23. Bd4 Rxe1 24. Rxe1 Qxg2 25. f4 Rc4 26. f5 b4
27. Qh5 h6 28. Rg1 Rxd4 29. Rxg2 1-0

[Event " "]
[Site "Lyon Olympique Echecs"]
[Date "18.??.??"]
[Round "9.8"]
[White "Habbouche, Julien"]
[Black "Kohi, Camilla"]
[Result "0-1"]
[WhiteElo "1942"]
[BlackElo "1875"]
[PlyCount "90"]
[EventDate "18.??.??"]
[WhiteTeam "Marseille Duchamps"]

1. d4 Nf6 2. c4 g6 3. Nc3 Bg7 4. e4 d6 5. f3 O-O 6. Bd3 Nc6 7. Nge2 e5 8. d5
Ne7 9. O-O Ne8 10. f4 exf4 11. Bxf4 f5 12. Qd2 fxe4 13. Nxe4 Nf5 14. N4g3 Nxg3
15. Bxg3 Nf6 16. Nf4 Re8 17. Rae1 Ng4 18. Rxe8+ Qxe8 19. Re1 Ne5 20. Bf1 Qf7
21. b4 Bf5 22. c5 Rd8 23. Bh4 Bf6 24. Bxf6 Qxf6 25. Qc3 Ng4 26. Qxf6 Nxf6 27.
Re7 Rd7 28. Re1 Kf8 29. Bb5 Re7 30. Ne6+ Bxe6 31. dxe6 Nd5 32. Bc4 Nxb4 33.
cxd6 cxd6 34. a3 Nc2 35. Rf1+ Kg7 36. Rf3 Nd4 37. Rd3 Nxe6 38. Rxd6 Nc5 39. Rd5
b6 40. Rd8 Re1+ 41. Kf2 Ra1 42. Rg8+ Kh6 43. h4 Rxa3 44. g4 Ne4+ 45. Kg2 Rg3+
0-1

[Event " "]
[Site "Lyon Olympique Echecs"]
[Date "18.??.??"]
[Round "9.1"]
[White "Pira, Davoud"]
[Black "Govciyan, Pavel"]
[Result "0-1"]
[WhiteElo "2395"]
[BlackElo "2414"]
[PlyCount "114"]
[EventDate "18.??.??"]
[WhiteTeam "Lutèce Echecs"]
[BlackTeam "Cannes II"]

1. d4 Nf6 2. Nf3 g6 3. c4 c5 4. d5 b5 5. cxb5 a6 6. b6 d6 7. Nc3 Nbd7 8. Qa4
Bg7 9. Qh4 O-O 10. e4 Rb8 11. Bd3 Rxb6 12. O-O Bb7 13. Rb1 e6 14. dxe6 fxe6 15.
Bg5 Qa8 16. Bh6 d5 17. Bxg7 Kxg7 18. exd5 exd5 19. Rfe1 Re8 20. Qg3 Rbe6 21.
Rxe6 Rxe6 22. Bf5 Re7 23. Bxd7 Rxd7 24. Re1 d4 25. Na4 Qf8 26. Ng5 Bd5 27. h3
Re7 28. Rxe7+ Qxe7 29. b3 Nh5 30. Qg4 Qe1+ 31. Kh2 Qe5+ 32. Kg1 Nf6 33. Qg3
Qxg3 34. fxg3 h6 35. Nf3 Ne4 36. g4 Bc6 37. Nb2 a5 38. Ne5 Bb5 39. Nec4 Kf6 40.
Nxa5 Be2 41. Nac4 d3 42. a4 Ke7 43. Ne3 d2 44. Ned1 Kd6 45. g3 Kd5 46. a5 Kc6
47. Kg2 Kb5 48. Ne3 Kxa5 49. Nec4+ Kb4 50. Nxd2 Nxd2 51. Kf2 Bb5 52. Ke3 Kxb3
53. Nd1 Nf1+ 54. Kf4 Be2 55. Nf2 c4 56. Ne4 Bd3 57. Nf2 Bb1 0-1

[Event " "]
[Site "Lyon Olympique Echecs"]
[Date "18.??.??"]
[Round "9.2"]
[White "Sanchez, Joseph"]
[Black "San Emeterio Cabanes, Jose L"]
[Result "1/2-1/2"]
[WhiteElo "2482"]
[BlackElo "2392"]
[PlyCount "138"]
[EventDate "18.??.??"]
[WhiteTeam "Cannes II"]

1. e4 c5 2. Nf3 Nc6 3. d4 cxd4 4. Nxd4 Nf6 5. Nc3 e5 6. Ndb5 d6 7. Bg5 a6 8.
Na3 Be6 9. Nc4 Rc8 10. Ne3 Be7 11. Bxf6 Bxf6 12. Ncd5 Bg5 13. Bd3 O-O 14. O-O
Ne7 15. Nxe7+ Qxe7 16. Qe2 Qc7 17. c3 Qc5 18. Nc2 g6 19. Kh1 d5 20. exd5 Bxd5
21. Rfe1 Rfe8 22. Nb4 Bc4 23. Bxc4 Qxc4 24. Qxc4 Rxc4 25. Rad1 a5 26. Nd5 Kg7
27. g3 Rc5 28. Kg2 Rd8 29. Nb6 Rc6 30. Nd7 Re6 31. Rd5 Be7 32. c4 e4 33. Nc5
Rb6 34. Rxd8 Bxd8 35. b3 f5 36. Rd1 Be7 37. Rd7 Kf6 38. Nxb7 Ke6 39. Rc7 Ra6
40. Nc5+ Bxc5 41. Rxc5 a4 42. h4 Rb6 43. bxa4 Rb4 44. a5 Ra4 45. Rc7 Rxa5 46.
Rxh7 Rxa2 47. Kf1 f4 48. gxf4 Kf5 49. Rf7+ Kg4 50. Ke1 Rc2 51. Rg7 Rxc4 52.
Rxg6+ Kxf4 53. Rf6+ Kg4 54. Ke2 Kxh4 55. Rg6 Rc3 56. Rg8 Kh5 57. Kd2 Rf3 58.
Ke2 Rb3 59. Re8 Kg6 60. Rxe4 Kg7 61. Re3 Rb2+ 62. Kf3 Rc2 63. Kg3 Rb2 64. f3
Ra2 65. Kg4 Ra4+ 66. f4 Ra6 67. Rb3 Ra5 68. Rb7+ Kg6 69. Rb6+ Kg7 1/2-1/2

[Event " "]
[Site "Lyon Olympique Echecs"]
[Date "18.??.??"]
[Round "9.3"]
[White "Lamorelle, Yves"]
[Black "Peric, Slavisa"]
[Result "1-0"]
[WhiteElo "2225"]
[BlackElo "2306"]
[PlyCount "93"]
[EventDate "18.??.??"]
[WhiteTeam "Lutèce Echecs"]
[BlackTeam "Cannes II"]

1. e4 e6 2. d4 d5 3. e5 c5 4. c3 Nc6 5. Nf3 Bd7 6. Be2 Nge7 7. Na3 cxd4 8. cxd4
Nf5 9. Nc2 Be7 10. O-O a5 11. Ne3 Nxe3 12. Bxe3 O-O 13. Bd3 Rc8 14. Rc1 Qb6 15.
Re1 Nb4 16. Bb1 Rxc1 17. Bxc1 Rc8 18. a3 Nc6 19. Qd3 g6 20. Qe3 f5 21. h4 Bf8
22. h5 Be8 23. hxg6 hxg6 24. Ng5 Bh6 25. Qh3 Bxg5 26. Bxg5 Rc7 27. Rd1 Qxb2 28.
Qe3 a4 29. Rc1 Rh7 30. Bd3 Qxa3 31. Bxf5 Qxe3 32. Bxe6+ Bf7 33. Bxf7+ Kxf7 34.
Bxe3 Ke6 35. g4 Rh8 36. Kg2 a3 37. Ra1 Ra8 38. Bc1 a2 39. Bb2 Ra4 40. Kg3 g5
41. Kf3 b5 42. Ke3 Na5 43. Kd3 Nb3 44. Rh1 a1=Q 45. Rxa1 Rxa1 46. Bxa1 Nxa1 47.
Kc3 1-0

[Event " "]
[Site "Lyon Olympique Echecs"]
[Date "18.??.??"]
[Round "9.4"]
[White "Parmentier, Xavier"]
[Black "Babault, Patrice"]
[Result "1/2-1/2"]
[WhiteElo "2291"]
[BlackElo "2310"]
[PlyCount "116"]
[EventDate "18.??.??"]
[WhiteTeam "Cannes II"]

1. Nf3 d5 2. d4 c6 3. Bf4 Nf6 4. e3 Bf5 5. c4 e6 6. Nc3 Nbd7 7. Qb3 Qb6 8. c5
Qxb3 9. axb3 a6 10. b4 Rc8 11. Be2 Be7 12. Nd2 Bd8 $11 13. f3 Bg6 14. g4 h5 15.
g5 Ng8 16. Nb3 f6 17. Rg1 Kf7 18. gxf6 gxf6 19. Kd2 Ne7 20. e4 Bc7 21. Bxc7
Rxc7 22. Bd3 Nf8 23. Rg2 Rd7 24. Rag1 Rh7 25. Ne2 e5 26. Ke3 Rh6 27. Ng3 Ke6
28. Kf2 h4 29. Ne2 Kf7 30. Rg4 Ne6 31. Ke3 Bh7 32. Rf1 Ke8 33. Rf2 Kd8 34. Rfg2
Kc7 35. dxe5 fxe5 36. Nd2 a5 37. bxa5 Nxc5 38. Bb1 Ne6 39. Ba2 Ng6 40. exd5
Nef4 41. Nxf4 Nxf4 42. Rg1 cxd5 43. Rc1+ Kb8 44. Bb1 d4+ 45. Kf2 Bxb1 46. Rg8+
Ka7 47. Rxb1 Rc7 48. b4 Ka6 49. b5+ Kxa5 50. b6 Rxb6 51. Nb3+ Kb4 52. Nd2+ Kc3
53. Ne4+ Kd3 54. Rxb6 Rc2+ 55. Kg1 Rc1+ 56. Kf2 Rc2+ 57. Kg1 Rc1+ 58. Kf2 Rc2+
1/2-1/2

[Event " "]
[Site "Lyon Olympique Echecs"]
[Date "18.??.??"]
[Round "9.5"]
[White "Derieux, Christian"]
[Black "Vuillermoz, Robert"]
[Result "1-0"]
[WhiteElo "2134"]
[BlackElo "2124"]
[PlyCount "105"]
[EventDate "18.??.??"]
[WhiteTeam "Lutèce Echecs"]
[BlackTeam "Cannes II"]

1. d4 d5 2. c4 c6 3. Nf3 Nf6 4. Nc3 e6 5. Bg5 h6 6. Bxf6 Qxf6 7. g3 Nd7 8. Qb3
Rb8 9. Bg2 b5 10. cxd5 cxd5 11. O-O b4 12. Na4 Ba6 13. Rfe1 Be7 14. Rac1 O-O
15. Rc7 Bb5 16. Ne5 Rfd8 17. Rxa7 Ra8 18. Rxa8 Rxa8 19. Nxd7 Bxd7 20. Nb6 Ra7
21. Nxd7 Rxd7 22. e3 Rc7 23. a3 Qg6 24. axb4 Qc2 25. Qxc2 Rxc2 26. b5 Rxb2 27.
Bf1 g6 28. Rd1 f5 29. Bd3 Kf7 30. Kf1 Kf6 31. Rc1 Bd8 32. Rc8 Ba5 33. Rf8+ Kg7
34. Ra8 Bb6 35. Ra6 Bd8 36. Rxe6 Rb3 37. Be2 Ba5 38. Ra6 Bd8 39. Rd6 Ba5 40.
Rxd5 Rb1+ 41. Kg2 Rb2 42. Kf3 Be1 43. Rd7+ Kf6 44. Rd6+ Kg7 45. Rd7+ Kf6 46.
Rd6+ Kg7 47. b6 g5 48. Rd7+ Kf6 49. b7 g4+ 50. Kg2 Kg5 51. Rc7 Ba5 52. Rc5 Rb6
53. Rb5 1-0

[Event " "]
[Site "Lyon Olympique Echecs"]
[Date "18.??.??"]
[Round "9.6"]
[White "Delabaca, Romuald"]
[Black "Maleki, Nicolas"]
[Result "1/2-1/2"]
[WhiteElo "2160"]
[BlackElo "2116"]
[PlyCount "39"]
[EventDate "18.??.??"]
[WhiteTeam "Cannes II"]

1. c4 c6 2. e4 d5 3. cxd5 cxd5 4. exd5 Nf6 5. Qa4+ Nbd7 6. Nc3 g6 7. Bc4 Bg7 8.
d3 O-O 9. Nf3 Nb6 10. Qb3 Bg4 11. Ng5 Rc8 12. Be3 Nxc4 13. dxc4 b6 14. Nge4 Bf5
15. Nxf6+ Bxf6 16. Nb5 Qd7 17. Rc1 e6 18. O-O exd5 19. cxd5 Be4 20. Nc3 1/2-1/2

[Event " "]
[Site "Lyon Olympique Echecs"]
[Date "18.??.??"]
[Round "9.7"]
[White "Wunderman, Xavier"]
[Black "Verot, Melanie"]
[Result "0-1"]
[WhiteElo "2113"]
[BlackElo "2092"]
[PlyCount "106"]
[EventDate "18.??.??"]
[WhiteTeam "Lutèce Echecs"]
[BlackTeam "Cannes II"]

1. e4 d5 2. exd5 Qxd5 3. Nc3 Qd6 4. d4 Nf6 5. Be3 c6 6. Bd3 Ng4 7. Nf3 Nxe3 8.
fxe3 Bg4 9. O-O Nd7 10. Ne4 Qh6 11. Qe1 f6 12. h3 Be6 13. c4 g5 14. Nf2 Qg7 15.
e4 h5 16. d5 g4 17. Nh4 Bf7 18. Nf5 Qg8 19. Qb4 Rb8 20. Be2 Qg5 21. h4 Qf4 22.
g3 Qc7 23. Rad1 c5 24. Qa4 Bg6 25. Kg2 Qe5 26. Bd3 a6 27. Rd2 Qc7 28. a3 Kf7
29. b4 Ne5 30. Qb3 Bxf5 31. exf5 Bh6 32. Re2 b5 33. Rc2 bxc4 34. Bxc4 Qb7 35.
Ne4 cxb4 36. d6+ Nxc4 37. Qxc4+ Kg7 38. Qd4 Rhc8 39. Rxc8 Rxc8 40. axb4 Rd8 41.
Kg1 Qb5 42. Qb2 Be3+ 43. Kg2 Qd5 44. Qc2 Rxd6 45. Re1 Rc6 46. Qb1 Bb6 47. Kh2
Rc4 48. Qb3 Qd4 49. Qa2 Qd3 50. Nf2 Bxf2 51. Rxe7+ Kf8 52. Qe2 Qxg3+ 53. Kh1
Qg1# 0-1

[Event " "]
[Site "Lyon Olympique Echecs"]
[Date "18.??.??"]
[Round "9.8"]
[White "Canneva, Florian"]
[Black "Dacalor, Aurelie"]
[Result "0-1"]
[WhiteElo "2087"]
[BlackElo "2016"]
[PlyCount "114"]
[EventDate "18.??.??"]
[WhiteTeam "Cannes II"]

1. e4 Nf6 2. e5 Nd5 3. d4 d6 4. Nf3 Bg4 5. Be2 h6 6. h3 Bf5 7. Nh4 Bh7 8. e6
fxe6 9. Bh5+ Kd7 10. Ng6 Rg8 11. O-O c6 12. Re1 Na6 13. Rxe6 $3 Nac7 14. Re1
Nf6 15. Nf4 Nxh5 16. Qg4+ e6 17. Nxe6 Nxe6 18. Qxe6+ Kc7 19. Qf7+ Qd7 20. Qxh5
Bxc2 21. Na3 Qf5 22. Qh4 Bd3 23. Bd2 g5 24. Qg3 Rg6 25. Re3 Be4 26. b4 b5 27.
Rae1 Bd5 28. Nb1 Bxa2 29. Nc3 Bc4 30. Rc1 h5 31. Rf3 Qd7 32. d5 h4 33. Qh2 Kb7
34. dxc6+ Kxc6 35. Ne2 Bg7 36. g4 Kb7 37. Nc3 Re8 38. Qg2 d5 39. Rf5 Re5 40.
Qf3 Rxf5 41. Qxf5 Qxf5 42. gxf5 Rf6 43. Bxg5 Rxf5 44. Bxh4 Rf3 45. Nd1 Rxh3 46.
Bg3 Bh6 47. Rc3 Bf8 48. Rf3 Bxb4 49. Rf7+ Kb6 50. Rf6+ Ka5 51. Ne3 Bc5 52. Rf3
Kb4 53. Kg2 Rh5 54. Bf4 Bd4 55. Bd6+ Ka5 56. Rf7 Kb6 57. Nd1 a5 0-1

[Event " "]
[Site "Lyon Olympique Echecs"]
[Date "18.??.??"]
[Round "9.1"]
[White "Lerch, Patrice"]
[Black "Ninov, Nikolai"]
[Result "0-1"]
[WhiteElo "2290"]
[BlackElo "2506"]
[PlyCount "95"]
[EventDate "18.??.??"]
[WhiteTeam "Mulhouse II"]
[BlackTeam "Hyères"]

1. e4 c5 2. Nc3 Nc6 3. g3 g6 4. Bg2 Rb8 5. d3 b5 6. Be3 b4 7. Nce2 Bg7 8. d4
cxd4 9. Nxd4 Na5 10. Nge2 Nc4 11. Bc1 Bb7 12. O-O Nf6 13. b3 Nb6 14. Qd3 e5 15.
Nb5 d5 16. Bd2 a6 17. Bxb4 axb5 18. Qxb5+ Nfd7 19. Bd6 Ra8 20. Rfe1 Ba6 21. Qb4
Bxe2 22. Rxe2 d4 23. c3 Nc8 24. cxd4 Nxd6 25. Qxd6 Qe7 26. Qxe7+ Kxe7 27. f4
exd4 28. e5 Rad8 29. Rd1 Nc5 30. Bc6 Rc8 31. Bd5 d3 32. Re3 Rhd8 33. Bc4 Rd4
34. a4 d2 35. a5 Na4 36. Re2 Rcd8 37. bxa4 Rxc4 38. Rexd2 Rxd2 39. Rxd2 Rxa4
40. Rd5 Bf8 41. Rb5 Ra2 42. g4 Ke6 43. Rb7 Bc5+ 44. Kh1 Rf2 45. Rb5 Be3 46. Rb3
Bxf4 47. Ra3 Rxh2+ 48. Kg1 0-1

[Event " "]
[Site "Lyon Olympique Echecs"]
[Date "18.??.??"]
[Round "9.2"]
[White "Sulava, Nenad"]
[Black "Fargere, Francois"]
[Result "1-0"]
[WhiteElo "2537"]
[BlackElo "2330"]
[PlyCount "94"]
[EventDate "18.??.??"]
[WhiteTeam "Hyères"]

1. c4 e5 2. Nc3 Nf6 3. Nf3 Nc6 4. e3 d5 5. cxd5 Nxd5 6. Bb5 Nxc3 7. bxc3 Bd6 8.
e4 O-O 9. d3 Qf6 10. Be3 a6 11. Ba4 b5 12. Bb3 Na5 13. Bc2 c5 14. O-O Bb7 15.
Qe2 Nc6 16. Rac1 h6 17. h3 Rac8 18. Nh2 Ne7 19. a4 Ng6 20. g3 c4 21. axb5 axb5
22. Qh5 Ba3 23. Ng4 Qe6 24. Rb1 f5 25. Rxb5 Bc6 26. Ra5 Bd6 27. d4 Bxe4 28. d5
Bxd5 29. Rxd5 Qxd5 30. Qxg6 fxg4 31. Rd1 Qf3 32. Rxd6 Ra8 33. Qxg4 Ra1+ 34. Rd1
Qxg4 35. hxg4 Rfa8 36. Kf1 Rxd1+ 37. Bxd1 Ra3 38. Bd2 Ra1 39. Ke2 Ra2 40. Ke3
Kf7 41. Be2 Ra4 42. Ke4 Kf6 43. Be3 Ra3 44. f4 exf4 45. gxf4 Ke6 46. Kd4 Ra4
47. Bxc4+ Kf6 1-0

[Event " "]
[Site "Lyon Olympique Echecs"]
[Date "18.??.??"]
[Round "9.4"]
[White "Marholev, Dimitar"]
[Black "Deschler, Fabrice"]
[Result "1/2-1/2"]
[WhiteElo "2345"]
[BlackElo "2168"]
[PlyCount "25"]
[EventDate "18.??.??"]
[WhiteTeam "Hyères"]

1. e4 c5 2. Nf3 Nc6 3. d4 cxd4 4. Nxd4 Nf6 5. Nc3 e5 6. Ndb5 d6 7. Bg5 a6 8.
Na3 b5 9. Bxf6 gxf6 10. Nd5 f5 11. Bd3 Qb6 12. Qh5 Rg8 13. O-O 1/2-1/2

[Event " "]
[Site "Lyon Olympique Echecs"]
[Date "18.??.??"]
[Round "9.5"]
[White "Furrer, Marc"]
[Black "Garro, Pierre"]
[Result "1-0"]
[WhiteElo "2158"]
[BlackElo "2181"]
[PlyCount "71"]
[EventDate "18.??.??"]
[WhiteTeam "Mulhouse II"]
[BlackTeam "Hyères"]

1. d4 c5 2. d5 f5 3. b3 Nf6 4. Bb2 Qa5+ 5. Bc3 Qb6 6. Na3 Ne4 7. Qd3 c4 8. Qd4
Qxd4 9. Bxd4 e5 10. Bb2 Bb4+ 11. c3 Nxc3 12. Nc2 Nxd5+ 13. Nxb4 Nxb4 14. Rc1
Nxa2 15. Rxc4 Nc6 16. e3 d6 17. Ra4 Nab4 18. Kd2 Ke7 19. f4 Be6 20. Bc4 b5 21.
Bxb5 Bxb3 22. Ra3 Bd5 23. Nf3 Rab8 24. Be2 Bxf3 25. Bxf3 e4 26. Be2 Nd5 27. Ba1
Rhc8 28. g4 g6 29. h4 fxg4 30. Bxg4 Rc7 31. h5 Nf6 32. hxg6 hxg6 33. Bd1 d5 34.
Rh6 Kf7 35. f5 Rg8 36. Ra6 1-0

[Event " "]
[Site "Lyon Olympique Echecs"]
[Date "18.??.??"]
[Round "9.6"]
[White "Langevin, Philippe"]
[Black "Leburgue, Sylvain"]
[Result "1/2-1/2"]
[WhiteElo "2208"]
[BlackElo "2188"]
[PlyCount "73"]
[EventDate "18.??.??"]
[WhiteTeam "Hyères"]

1. e4 c5 2. Nf3 Nc6 3. b3 e6 4. Bb2 Be7 5. Bxg7 Bf6 6. Bxh8 Bxh8 7. Nc3 a6 8.
Be2 b5 9. Rc1 Qc7 10. O-O Bb7 11. Re1 O-O-O 12. Bf1 Nge7 13. Ne2 f5 14. exf5
Nxf5 15. c3 Ne5 16. Nxe5 Bxe5 17. Ng3 Rf8 18. Qh5 Bxg3 19. hxg3 Qc6 20. Qh3 Rf6
21. Qxh7 Rh6 22. Qf7 Kc7 23. d4 Qd6 24. Re5 cxd4 25. cxd4+ Kb6 26. Rxf5 exf5
27. Qxf5 Qxd4 28. a4 Bc6 29. axb5 axb5 30. Qc2 Qh8 31. Qc5+ Kb7 32. f3 Rh5 33.
Qc3 Rh1+ 34. Kf2 Qh2 35. Bxb5 Bxb5 36. Qc8+ Kb6 37. Qc7+ 1/2-1/2

[Event " "]
[Site "Lyon Olympique Echecs"]
[Date "18.??.??"]
[Round "9.7"]
[White "Tournier, Pascal"]
[Black "Comte, Christophe"]
[Result "1/2-1/2"]
[WhiteElo "2126"]
[BlackElo "2089"]
[PlyCount "46"]
[EventDate "18.??.??"]
[WhiteTeam "Mulhouse II"]
[BlackTeam "Hyères"]

1. e4 c5 2. Nf3 d6 3. d4 cxd4 4. Nxd4 Nf6 5. Nc3 g6 6. Be3 Bg7 7. f3 O-O 8. Qd2
Nc6 9. O-O-O Nxd4 10. Bxd4 Be6 11. Kb1 Qc7 12. g4 Rfc8 13. h4 Qa5 14. Nd5 Qxd2
15. Nxf6+ Bxf6 16. Rxd2 Kg7 17. Be2 Bxd4 18. Rxd4 Rc5 19. Rhd1 Rac8 20. c3 h6
21. Ra4 a5 22. Kc2 b6 23. a3 Kf6 1/2-1/2